| 000 | 00000nam 2200000za 4500 |
| 001 | 9.603238 |
| 003 | CaOODSP |
| 005 | 20221107134154 |
| 007 | cr ||||||||||| |
| 008 | 150406s1999 onc|||||o f00| 0 fre d |
| 040 | |aCaOODSP|bfre |
| 043 | |an-cn--- |
| 086 | 1 |aM22-132/12-1999F-PDF |
| 110 | 1 |aCanada. |bRessources naturelles Canada. |
| 245 | 10|aRapport sur les options, sciences, impacts et adaptation |h[ressource électronique] / |cétabli par le Conseil du Programme climatologique canadien. |
| 260 | |aOttawa : |bLe Conseil,|c1999. |
| 300 | |a72p.|bfigure, références, tableau |
| 590 | |a12-10-Supp|b2012-03-23 |
| 710 | 2 |aConseil du programme climatologique canadien. |
| 775 | 08|tOptions paper, science, impacts and adaptation |w(CaOODSP)9.572996 |
| 776 | 0#|tSciences, impacts et adaptation / |w(CaOODSP)9.625306 |
| 856 | 40|ahttp://publications.gc.ca|qPDF|s263 Ko|uhttps://publications.gc.ca/collections/Collection/M22-132-12-1999F.pdf |